000 00928nam a2200253Ia 4500
003 OSt
005 20220923222150.0
006 a|||||r|||| 00| 0
007 ta
008 220922b |||||||| |||| 00| 0 ben d
024 _a203,539
037 _cTextual
040 _aARTS
_cARTS
_bben
041 _2ben
_aben
082 _aO157,3N221,SS, 152M3
100 _aबसु, समरेश; मिश्र, विमल, अनु.
_9166168
245 0 _aस्वर्णिम शिखर प्रांगण में
246 _aSvarṇim shikhar prāangaṇ mean
260 _aदिल्ली
_b साहित्य सहकार
_c1983
300 _a148पृ0
_ccm.
650 _aबंगाली साहित्य
_9156264
942 _hO157,3N221,SS, 152M3
_cTEXL
_2CC
999 _c354291
_d354291